福岡市7区のシンボルマーク - Statistics

General Stats
  • This quiz has been taken 48 times
  • The average score is 6 of 7
Answer Stats
Picture Answer % Correct
博多区
96%
南区
89%
東区
89%
城南区
89%
早良区
87%
西区
87%
中央区
83%
No matching quizzes found
Score Distribution
Percent of People with Each Score
Percentile by Number Answered
Your Score History
You have not taken this quiz